000 00538nam a22001817a 4500
005 20240910105248.0
008 240910b |||||||| |||| 00| 0 eng d
020 _a9780409125566
041 _aEnglish
082 _a346.5 BOT
100 _lEnglish
245 _aEstate Planning and Fiduciary Services Guide /
_cM Botha et al.
250 _aFirst Edition
260 _aDurban:
_bLexisNexis (Pty) Ltd,
_c2016
300 _bix, 438 pages;
_c25 cm.
650 _aLegal practice
_bLaw
942 _cBK
_6ALISON_BN_VRIES
999 _c3035
_d3035